000 00299nam a22001217a 4500
003 OSt
008 150215b xxu||||| |||| 00| 0 eng d
100 1 _aFire R.
041 _aeng
245 1 0 _aDanmarks First Postage Stamp (in Danish)
260 _bKobenhavns Philatelist Klub Pub
_c1961
300 _a0 pages
999 _c727
_d727